Les personnages de gumball - Statistiques

Statistiques générales
  • Ce quiz a été pris 1 328 fois
  • Le résultat moyen est 8 sur 12
Statistiques - réponses
Réponse % Correct
Chat bleu Gumball
100%
Poisson orange Darwin
98%
Petite hase rose Anaïs
90%
Grand lapin rose Richard
90%
Chatte bleu Nicole
89%
Petite Banane Joe
83%
Petite cacahuète Penny
68%
Multicolore Tobias
67%
Fantôme Carry
59%
Petite pomme de terre Idao
39%
Feuille de papier Terry
33%
Personnage de jeu vidéo Ocho
25%
Aucun quiz correspondant
Distribution des résultats
% des personnes avec chaque résultat
Percentile par nombre de réponses
Votre historique - résultats
Vous n’avez pas pris ce quiz